1999 Movies by Screenshot - Statistics

General Stats
  • This quiz has been taken 472 times
  • The average score is 11 of 16
Answer Stats
Picture Answer % Correct
Star Wars: Episode I - The Phantom Menace
98%
Toy Story 2
98%
Tarzan
97%
The Matrix
95%
Fight Club
84%
Austin Powers: The Spy Who Shagged Me
79%
The Mummy
69%
The Blair Witch Project
67%
The Sixth Sense
67%
The Iron Giant
66%
American Beauty
57%
The World Is Not Enough
57%
Notting Hill
46%
Office Space
36%
Eyes Wide Shut
34%
Galaxy Quest
25%
No matching quizzes found
Score Distribution
Percent of People with Each Score
Percentile by Number Answered
Your Score History
You have not taken this quiz